Statistiques concernant Vainqueurs de l'Open Parc de Lyon - Tableau masculin

Cliquez ici pour prendre le quiz!

Statistiques générales

  • Ce quiz a été pris 8 fois
  • Le résultat moyen est 10 sur 29

Statistiques - réponses

AnnéeVainqueur% Correct
2017Jo-Wilfried Tsonga
75%
2006Richard Gasquet
75%
1987Yannick Noah
75%
1989John McEnroe
50%
1991Pete Sampras
50%
1992Pete Sampras
50%
1993Pete Sampras
50%
2021Stéfanos Tsitsipás
50%
2000Arnaud Clément
38%
2023Arthur Fils
38%
2019Benoît Paire
38%
2018Dominic Thiem
38%
2002Paul-Henri Mathieu
38%
1998Àlex Corretja
25%
2005Andy Roddick
25%
1997Fabrice Santoro
25%
1996Ievgueni Kafelnikov
25%
2009Ivan Ljubičic
25%
2001Ivan Ljubičic
25%
1994Marc Rosset
25%
1990Marc Rosset
25%
2003Rainer Schüttler
25%
2007Sébastien Grosjean
25%
1988Yahiya Doumbia
25%
2022Cameron Norrie
13%
1999Nicolás Lapentti
13%
2004Robin Söderling
13%
2008Robin Söderling
13%
1995Wayne Ferreira
13%

Distribution des résultats

Percentile par nombre de réponses

% des personnes avec chaque résultat

Votre développement - résultats

Vous n’avez pas pris ce quiz